00962cam a2200253 a 450000100100000000500170001000800410002702000150006804000360008308200240011910000770014324500680022026000450028830000350033349000290036865000290039765000310042665000270045783000380048491000340052204900090055695201280056599900150069300001005320200929161824.0930611s1992 sp ac 001 p spa d a8475172091 aDO-SdBNPbspacCSdudBNPHUdDLC a861.64bP191p, 19921 aPanero, Leopoldo María,d1948-q(Leopoldo María Panero Blanc)92502610aPoemas del manicomio de Mondragón /cLeopoldo María Panero. aMadrid, (España) :bHiperión,c1992. a60 p. :bil., retrs. ;c20 cm.1 aPoesía Hiperiónv114 4aPoesía española9631 4aLiteratura española9632 4aLocosxPoesía925027 0aPoesía Hiperión ;v114914707 aCatalogación por copia / LC aBNGR 001052708MOaGRbGRcCTd2009-10-02iLF1l0o861.64 P191p, 1992p10053-10r2020-06-25w2020-06-25y2ZPréstamo interno c9812d9812